The Challenge of Democracy : Government in America /

Na minha lista:
Detalhes bibliográficos
Main Authors: Janda, Kenneth (Author), Berry, Jeffrey M (Author), Goldman, Jerry (Author)
Formato: Livro
Idioma:inglês
Publicado em: Boston, 1989
Edição:2.Ed.
Assuntos:
Acesso em linha:OBSAH
Tags: Adicionar Tag
Sem tags, seja o primeiro a adicionar uma tag!

MARC

LEADER 00000nam a22000003a 4500
001 stu36626
005 20150617225727.2
008 920616s1989----xxu-----------------eng-d
020 |a 0-395-43292-8 
040 |a STU  |b slo 
041 0 |a eng 
044 |a xxu 
080 |a 321.6/.8(73) 
100 1 |a Janda, Kenneth  |4 aut 
245 1 |a The Challenge of Democracy :  |b Government in America /  |c [aut.]Kenneth Janda, Jeffrey M. Berry, Jerry Goldman 
250 |a 2.Ed. 
260 |a Boston,  |c 1989 
300 |a 738 s 
650 7 |a demokracia  |2 stusub 
650 7 |a USA  |2 stusub 
650 7 |a Systém politický  |2 stusub 
650 7 |a Systém vládny  |2 stusub 
700 1 |a Berry, Jeffrey M  |4 aut 
700 1 |a Goldman, Jerry  |4 aut 
856 4 |a https://sweb.mtf.stuba.sk/obsahy/the_challenge_of_democracy_89  |u https://sweb.mtf.stuba.sk/obsahy/the_challenge_of_democracy_89  |3 OBSAH 
996 |b 284M015255  |c M*8031-5  |l MMKN  |s A  |a 24  |w stu36626_0001 
996 |b 284M034067  |c M*8031-1  |l MMST  |s A  |a 24  |w stu36626_0002